| 000 | 00647nam a22002297a 4500 | ||
|---|---|---|---|
| 003 | SISC | ||
| 005 | 20160302125803.0 | ||
| 008 | 130906t xxu||||| |||| 00| 0 eng d | ||
| 020 | _a0582401909 | ||
| 050 |
_aPR 4167 _b.B869 1999 |
||
| 082 |
_aHS 820.3 _bB789 1991 |
||
| 100 |
_aBronte, Charlotte _93109 |
||
| 245 |
_aJane Eyre / _cCharlotte Bronte. |
||
| 260 |
_aEngland : _bPearson Education ltd, _cc1999. |
||
| 300 |
_a46 p. : _bill. ; _c21 cm. |
||
| 600 |
_aMr. Rachester. _916889 |
||
| 650 |
_aJane Eyre. _916890 |
||
| 650 |
_aLove and romance. _916891 |
||
| 651 |
_aRomantic literature . _916892 |
||
| 942 |
_2lcc _cBK |
||
| 999 |
_c10534 _d10534 |
||